Statistics for Women's FA Cup Winners

Click here to take the quiz!

General Stats

  • This quiz has been taken 32 times
  • The average score is 6 of 17

Answer Stats

Answer% Correct
Arsenal
100%
Chelsea
100%
Manchester City
100%
Everton/Leasowe
69%
Birmingham City
62%
Charlton Athletic/Croydon
42%
Doncaster Belles
35%
Fulham
31%
Southampton
31%
Millwall
23%
Norwich
23%
QPR
15%
Friends of Fulham
8%
Lowestoft
8%
Fodens
0%
Howbury Grange
0%
St Helens
0%

Score Distribution

Percentile by Number Answered

Percent of People with Each Score

Your Score History

You have not taken this quiz